Statistics for Subnautica: All Fauna (Animals)

Click here to take the quiz!

General Stats

  • This quiz has been taken 358 times
  • The average score is 27 of 49

Answer Stats

% Correct
LeviathansReaper Leviathan
99%
LeviathansGhost Leviathan
97%
Small HerbivoresPeeper
96%
LeviathansSea Dragon Leviathan
90%
LeviathansReefback Leviathan
88%
LeviathansSea Emperor Leviathan
84%
CarnivoresStalker
83%
CarnivoresSand Shark
78%
LeviathansSea Treader Leviathan
77%
CarnivoresBoneshark
74%
CarnivoresCrabsquid
73%
Small HerbivoresBladderfish
71%
Small HerbivoresBoomerang
70%
CarnivoresWarper
66%
CarnivoresCrabsnake
65%
Large HerbivoresGasopod
64%
CarnivoresBiter
61%
Small HerbivoresGarryfish
59%
CarnivoresCrashfish
58%
CarnivoresAmpeel
57%
CarnivoresLava Lizard
53%
Scavengers & ParasitesCave Crawler
52%
Large HerbivoresCuddlefish
52%
Large HerbivoresGhostray
52%
Large HerbivoresRabbit Ray
51%
Scavengers & ParasitesBleeder
49%
Small HerbivoresEyeye
49%
Small HerbivoresHoverfish
48%
Small HerbivoresOculus
48%
Small HerbivoresHoopfish
47%
Small HerbivoresHolefish
46%
Large HerbivoresJellyray
46%
Scavengers & ParasitesFloater
43%
Scavengers & ParasitesBlood Crawler
42%
Small HerbivoresSpadefish
42%
Scavengers & ParasitesLava Larva
40%
CarnivoresRiver Prowler
40%
Small HerbivoresMagmarang
39%
CarnivoresMesmer
39%
Small HerbivoresSpinefish
38%
Small HerbivoresReginald
36%
CarnivoresBlighter
34%
Large HerbivoresSkyray
34%
Scavengers & ParasitesRockgrub
31%
Large HerbivoresCrimson Ray
29%
Small HerbivoresRed Eyeye
29%
Scavengers & ParasitesAncient Floater
27%
Scavengers & ParasitesShuttlebug
26%
Scavengers & ParasitesAmoeboid
12%

Score Distribution

Percentile by Number Answered

Percent of People with Each Score

Your Score History

You have not taken this quiz